Team zu Formel 1 Fahrer - Statistiken

Allgemein
  • Dieses Quiz wurde 376 mal gespielt
  • Das Durchschnittsergebnis liegt bei 17 aus 20
Antwortstatistiken
Fahrer Team % Korrekt
Charles Leclerc Ferrari
99%
Carlos Sainz Ferrari
99%
Max Verstappen Red Bull Racing
99%
Sergio Perez Red Bull Racing
99%
Lewis Hamilton Mercedes
98%
George Russell Mercedes
98%
Lando Norris McLaren
95%
Oscar Piastri McLaren
95%
Kevin Magnussen Haas
86%
Nico Hülkenberg Haas
86%
Fernando Alonso Aston Martin
85%
Lance Stroll Aston Martin
85%
Logan Sargeant Williams
82%
Alex Albon Williams
82%
Esteban Ocon Alpine
76%
Pierre Gasly Alpine
76%
Valtteri Bottas Stake F1 Team Kick Sauber
72%
Guanyu Zhou Stake F1 Team Kick Sauber
72%
Yuki Tsunoda Visa CashApp RB
68%
Daniel Ricciardo Visa CashApp RB
28%
Keine übereinstimmenden Quizze gefunden
Verteilung der Resultate
Anzahl Personen mit jedem Resultat
Perzentil nach korrekt beantworteten Fragen
Ihre Resultats-Entwicklung
Sie haben dieses Quiz noch nicht gespielt